000 00637nam a22001817a 4500
005 20251108165358.0
008 250721s1955 xx 000 0 ara d
082 1 4 _aم/922.13/ذهب
100 1 _aالذهبي، شمس الدين أبو عبد الله محمد بن ...
245 1 0 _aكتاب تذكرة الحفاظ /
264 1 _aبيروت :
_bدار الكتب العلمية،
_c1955.
300 _a
500 _aصحح عن النسخة القديمة المحفوظة في مكتبة الحرم المكي ...
650 1 7 _aرواية الحديث
650 1 7 _aالتراجم
942 _2ddc
_cREF
999 _c26498
_d26498